| 000 | 01010pam a2200229 i 4500 | ||
|---|---|---|---|
| 020 | _a0023071907 | ||
| 082 | 0 | 0 |
_a620.0023 _bBEA _cL-5, P-63 |
| 100 | 1 |
_aBeakley, George C. _940489 |
|
| 245 | 1 | 0 |
_aEngineering : _ban introduction to a creative profession / _cGeorge C. Beakley, H. W. Leach, with contributions by J. Karl Hedrick. |
| 250 | _a3d ed. | ||
| 260 |
_aNew York : _bMacmillan, _cc1977. |
||
| 300 |
_axii, 548 p. : _bill. ; _c26 cm. |
||
| 500 | _aEdition for 1951, by H. W. Leach and G. C. Beakley, published under title: Elementary problems in engineering; edition for 1960, by H. W. Leach and G. C. Beakley, published under title: Engineering, the profession and elementary problem analysis. | ||
| 526 |
_a0 _b0 _c0 _d620_002300000000000_BEA |
||
| 650 | 0 |
_aEngineering design. _919438 |
|
| 650 | 0 |
_aEngineering mathematics. _92310 |
|
| 650 | 0 |
_aEngineering _xVocational guidance. _940490 |
|
| 650 | 0 |
_aMCE _9379 |
|
| 700 | 1 |
_aLeach, H. W. _940491 |
|
| 700 | 1 |
_aLeach, H. W., _940492 |
|
| 942 |
_2ddc _cBK |
||
| 999 |
_c544763 _d544763 |
||